000
00247 a2200097 4500
001
69475
082
_a
297.1222 AZA
100
_a
Azad Maulana Abul Kalam
245
_a
Asuhaab-e-Kahf aur Yajooj Majooj
260
_a
Lahore
_b
Gora Publishera
_c
2006
942
_a
NUST-CAE
_k
297.1222 AZA
999
_c
304548
_d
304548